[Event "24. Copenhagen Open  (Politiken Cup)"]
[Site "Copenhagen"]
[Date "2002.07.25"]
[Round "10"]
[White "Taksrud, Vidar"]
[Black "Olsson, Tomas"]
[Result "0-1"]
[WhiteElo "1888"]
[BlackElo "2109"]
[PlyCount "92"]
[EventDate "2002.07.15"]
[EventType "swiss"]
[EventRounds "11"]
[EventCountry "DEN"]
[SourceDate "2004.01.01"]

1. d4 Nf6 2. c4 g6 3. Nc3 Bg7 4. g3 d6 5. Bg2 O-O 6. Nf3 Nc6 7. O-O Bf5 8. d5
Na5 9. Nd2 c6 10. e4 Bg4 11. Qc2 Rc8 12. h3 Bd7 13. Qd3 a6 14. Re1 b5 15. cxb5
cxb5 16. Ne2 Qb6 17. Rb1 b4 18. Nf1 Nc4 19. b3 Na3 20. Be3 Qb5 21. Qxb5 Bxb5
22. Rbc1 Nc2 23. Nd4 Nxe1 24. Rxe1 Nd7 25. Rd1 Rc7 26. Nh2 Bxd4 27. Rxd4 a5 28.
Nf3 Rc2 29. Rd2 Rxd2 30. Bxd2 Bd3 31. Nd4 Bb1 32. Nc6 Ra8 33. Nxe7+ Kf8 34. Nc6
f6 35. Bf4 Ne5 36. Bh6+ Kf7 37. Nd4 Bxa2 38. Bd2 Nd3 39. Bf1 Nc5 40. Bc4 Nxe4
41. Be1 a4 42. Bxb4 axb3 43. f3 b2 44. Bd3 Nc5 45. Bxc5 dxc5 46. Nc6 Bxd5 0-1

[Event "24. Copenhagen Open  (Politiken Cup)"]
[Site "Copenhagen"]
[Date "2002.07.25"]
[Round "10"]
[White "Tolstrup, Thomas"]
[Black "Timmermans, Ivo"]
[Result "0-1"]
[WhiteElo "2074"]
[BlackElo "2177"]
[PlyCount "120"]
[EventDate "2002.07.15"]
[EventType "swiss"]
[EventRounds "11"]
[EventCountry "DEN"]
[SourceDate "2004.01.01"]

1. Nf3 c5 2. c4 Nc6 3. d4 cxd4 4. Nxd4 e6 5. g3 Nf6 6. Nc3 Qb6 7. Nb3 Ne5 8. e4
Bb4 9. Qe2 d6 10. Bg2 Qc7 11. O-O Bxc3 12. bxc3 Qxc4 13. Qd1 Qc7 14. Bg5 Bd7
15. Bxf6 gxf6 16. Qd4 Ke7 17. Rac1 Nc4 18. Nd2 Nxd2 19. Qxd2 Qc5 20. Rfd1 Ba4
21. Re1 Rad8 22. Bf3 Rhg8 23. Kh1 Rg5 24. Re3 Bc6 25. c4 Qa5 26. Qb2 Qe5 27.
Qa3 Qc5 28. Qb2 h5 29. Re2 Re5 30. Bg2 f5 31. Qc2 Rxe4 32. Bxe4 Bxe4+ 33. Rxe4
fxe4 34. Qxe4 Qc6 35. Qxc6 bxc6 36. Kg2 e5 37. Rb1 d5 38. cxd5 cxd5 39. Kf3 Ke6
40. Rb7 Rd7 41. Rb8 Kf5 42. Rh8 e4+ 43. Ke2 Kg6 44. Rg8+ Kh7 45. Rg5 Kh6 46.
Rg8 d4 47. Rh8+ Kg6 48. Rg8+ Kf6 49. Rh8 d3+ 50. Kd2 Kg6 51. Rg8+ Kf6 52. Rh8
Rc7 53. Rh6+ Kg5 54. Ra6 Rc2+ 55. Ke1 f5 56. Rxa7 f4 57. Rf7 Re2+ 58. Kf1 f3
59. Rg7+ Kf6 60. Ra7 d2 0-1

[Event "24. Copenhagen Open  (Politiken Cup)"]
[Site "Copenhagen"]
[Date "2002.07.25"]
[Round "10"]
[White "Tozer, Richard"]
[Black "Mikkelsen, Nikolaj"]
[Result "1-0"]
[WhiteElo "2312"]
[BlackElo "2120"]
[PlyCount "145"]
[EventDate "2002.07.15"]
[EventType "swiss"]
[EventRounds "11"]
[EventCountry "DEN"]
[SourceDate "2004.01.01"]

1. d4 d5 2. c4 e6 3. Nf3 c6 4. e3 Nf6 5. Be2 Nbd7 6. O-O Bd6 7. Nc3 Ne4 8. Qc2
f5 9. b3 O-O 10. Bb2 Rf6 11. g3 Rh6 12. Rac1 Qf6 13. Na4 g5 14. Nc5 Rh3 15.
Nxd7 Bxd7 16. Kg2 Qh6 17. Rh1 g4 18. Ne5 Bxe5 19. dxe5 Nxf2 20. Kxf2 Rxh2+ 21.
Rxh2 Qxh2+ 22. Ke1 Qxg3+ 23. Kd2 dxc4 24. Qxc4 Rd8 25. Qf4 Qxf4 26. exf4 Bc8+
27. Ke3 Kf7 28. Bd4 h5 29. Bxa7 h4 30. Rd1 Rxd1 31. Bxd1 Ke7 32. Be2 Kd7 33.
Bb6 Ke7 34. Bf1 Bd7 35. b4 Be8 36. Kf2 Kd7 37. Bg2 Ke7 38. Bh1 Bd7 39. Kg2 Bc8
40. Bf2 h3+ 41. Kf1 Kd7 42. a4 b5 43. a5 Kc7 44. Ke2 Bb7 45. Kf1 Bc8 46. Ke2
Bb7 47. Bg3 Kd7 48. Kd3 Kc7 49. Kc3 Kb8 50. Kd4 c5+ 51. Kxc5 Bxh1 52. Kxb5 Bd5
53. Kc5 Kb7 54. b5 Ba2 55. a6+ Ka7 56. Kc6 Bc4 57. Bh2 Bd3 58. Kd6 Bc4 59. Kc6
Bd3 60. Bg1+ Ka8 61. Bh2 Ka7 62. Kc5 Be2 63. Kb4 Kb6 64. Bg1+ Kc7 65. b6+ Kb8
66. Ka5 g3 67. b7 Bf3 68. Kb6 Bxb7 69. axb7 g2 70. Bc5 g1=Q 71. Bxg1 h2 72. Bc5
h1=Q 73. Bd6# 1-0

[Event "24. Copenhagen Open  (Politiken Cup)"]
[Site "Copenhagen"]
[Date "2002.07.25"]
[Round "10"]
[White "Trarup, Jorgen"]
[Black "Madsen, Simon Rise"]
[Result "1-0"]
[WhiteElo "1270"]
[BlackElo "1202"]
[PlyCount "109"]
[EventDate "2002.07.15"]
[EventType "swiss"]
[EventRounds "11"]
[EventCountry "DEN"]
[SourceDate "2004.01.01"]

1. e4 e5 2. Nf3 Nc6 3. Nc3 d6 4. Bc4 h6 5. h3 Nf6 6. d4 exd4 7. Nxd4 Ne5 8. Be2
Be6 9. Nxe6 fxe6 10. Bf4 Ng6 11. Bh5 Nxh5 12. Qxh5 Qf6 13. O-O O-O-O 14. Be3
Nh4 15. Qg4 Be7 16. Nd5 Qf7 17. Nxe7+ Qxe7 18. Rad1 Kb8 19. Rd3 Qf6 20. Rfd1
Ng6 21. Bd4 e5 22. Rf3 Nf4 23. Be3 h5 24. Qf5 Qxf5 25. exf5 Ne2+ 26. Kf1 e4 27.
Kxe2 exf3+ 28. Kxf3 Rhf8 29. g4 hxg4+ 30. Kxg4 Rde8 31. Rd5 Re4+ 32. Kg5 Rh8
33. Kg6 Rxh3 34. Kxg7 Rg4+ 35. Kf6 Kc8 36. Bg5 Kd7 37. f4 Rhg3 38. Rd2 Rh3 39.
Re2 Rhg3 40. Re7+ Kc6 41. Rg7 Rg2 42. Kf7 Rxc2 43. Ke8 d5 44. f6 d4 45. f7 Re2+
46. Kd8 d3 47. f8=Q d2 48. Qf6+ Kc5 49. Rxc7+ Kd5 50. Rd7+ Ke4 51. Re7+ Kf3 52.
Qc3+ Kf2 53. Qd3 Rxe7 54. Kxe7 Ke1 55. Qe3+ 1-0

[Event "24. Copenhagen Open  (Politiken Cup)"]
[Site "Copenhagen"]
[Date "2002.07.25"]
[Round "10"]
[White "Tretvold, Martin"]
[Black "Skovgaard, Tom"]
[Result "0-1"]
[WhiteElo "1801"]
[BlackElo "2074"]
[PlyCount "78"]
[EventDate "2002.07.15"]
[EventType "swiss"]
[EventRounds "11"]
[EventCountry "DEN"]
[SourceDate "2004.01.01"]

1. e4 Nf6 2. e5 Nd5 3. d4 d6 4. Nf3 g6 5. Bc4 Nb6 6. Bb3 Bg7 7. O-O O-O 8. a4
dxe5 9. Nxe5 N6d7 10. Nf3 c5 11. d5 Ne5 12. Nxe5 Bxe5 13. Re1 Qd6 14. Nc3 Bf5
15. Nb5 Qf6 16. Qe2 Nd7 17. c3 a6 18. f4 Bb8 19. Na3 Qb6 20. Bc4 Nf6 21. Be3
Bd6 22. Ra2 Qc7 23. Rf1 Be4 24. Qd1 Qd7 25. Nb1 Qf5 26. b4 cxb4 27. Rd2 Bxb1
28. Qxb1 bxc3 29. Qxf5 gxf5 30. Rc2 Rac8 31. Ba2 b5 32. Bd4 Bc5 33. Rd1 b4 34.
Kf1 Bxd4 35. Rxd4 Rb8 36. Bb3 Ne4 37. Ke2 Nc5 38. Bc4 Nxa4 39. Bxa6 b3 0-1

[Event "24. Copenhagen Open  (Politiken Cup)"]
[Site "Copenhagen"]
[Date "2002.07.25"]
[Round "10"]
[White "Turov, Maxim"]
[Black "El Kher, Henrik"]
[Result "1/2-1/2"]
[WhiteElo "2518"]
[BlackElo "2355"]
[PlyCount "89"]
[EventDate "2002.07.15"]
[EventType "swiss"]
[EventRounds "11"]
[EventCountry "DEN"]
[SourceDate "2004.01.01"]

1. e4 e6 2. d4 d5 3. Nd2 Nf6 4. e5 Nfd7 5. Bd3 b6 6. Ne2 Ba6 7. Bxa6 Nxa6 8.
Nf4 c5 9. c3 Qg5 10. Nf3 Qf5 11. O-O Be7 12. Qa4 Nab8 13. c4 g5 14. Nh5 O-O 15.
cxd5 exd5 16. Qb3 g4 17. Ng3 Qe6 18. Ng5 Bxg5 19. Bxg5 Nc6 20. Ne2 Nxd4 21.
Nxd4 cxd4 22. Qg3 Rac8 23. Rad1 Rc4 24. Rfe1 Nc5 25. b3 Rc3 26. Qf4 Qg6 27.
Qxd4 Rd3 28. Rxd3 Nxd3 29. Re3 Nc5 30. h4 Ne6 31. Qxd5 Nxg5 32. hxg5 Qxg5 33.
Qe4 Re8 34. g3 Kg7 35. Kg2 Re6 36. Qd4 h5 37. b4 a6 38. a4 Qf5 39. Qc4 Qb1 40.
Re4 Qd1 41. b5 axb5 42. axb5 Qf3+ 43. Kg1 Qa3 44. Kh2 Qc5 45. Qxc5 1/2-1/2

[Event "24. Copenhagen Open  (Politiken Cup)"]
[Site "Copenhagen"]
[Date "2002.07.25"]
[Round "10"]
[White "Vang, Finnbjorn"]
[Black "Jorgensen, Carina E"]
[Result "1/2-1/2"]
[WhiteElo "1937"]
[BlackElo "1643"]
[PlyCount "106"]
[EventDate "2002.07.15"]
[EventType "swiss"]
[EventRounds "11"]
[EventCountry "DEN"]
[SourceDate "2004.01.01"]

1. e4 c5 2. d4 cxd4 3. c3 dxc3 4. Nxc3 d6 5. Bc4 e6 6. Nf3 Nf6 7. O-O Be7 8.
Qe2 a6 9. a4 O-O 10. Rd1 Qc7 11. Be3 Nc6 12. Rac1 e5 13. h3 h6 14. Nd5 Qd8 15.
Bb6 Qd7 16. Nc7 Rb8 17. b4 Bd8 18. b5 axb5 19. axb5 Bxc7 20. bxc6 Qe7 21. Bxc7
Qxc7 22. cxb7 Bxb7 23. Bd5 Qe7 24. Bxb7 Rxb7 25. Nh4 Qe6 26. Rc6 Rd7 27. Nf5
Rfd8 28. f3 Kh7 29. Ne3 Ng8 30. Rb6 Ne7 31. Qa6 f5 32. exf5 Nxf5 33. Nxf5 Qxf5
34. Rbxd6 Rxd6 35. Rxd6 Rxd6 36. Qxd6 Qf6 37. Qxf6 gxf6 38. Kf2 Kg6 39. Kg3 Kg5
40. h4+ Kf5 41. Kf2 e4 42. Ke3 exf3 43. Kxf3 h5 44. g3 Ke5 45. Ke3 Kf5 46. Ke2
Kg4 47. Kf2 f5 48. Kg2 f4 49. gxf4 Kxf4 50. Kh3 Kf3 51. Kh2 Kg4 52. Kg2 Kxh4
53. Kh2 Kg4 1/2-1/2

[Event "24. Copenhagen Open  (Politiken Cup)"]
[Site "Copenhagen"]
[Date "2002.07.25"]
[Round "10"]
[White "Volokitin, Alexander"]
[Black "Christensen, Christian"]
[Result "0-1"]
[WhiteElo "1600"]
[BlackElo "2131"]
[PlyCount "56"]
[EventDate "2002.07.15"]
[EventType "swiss"]
[EventRounds "11"]
[EventCountry "DEN"]
[SourceDate "2004.01.01"]

1. e4 e5 2. Nf3 Nc6 3. Bb5 a6 4. Ba4 Nf6 5. O-O Be7 6. Bxc6 dxc6 7. Nxe5 Nxe4
8. d4 O-O 9. Re1 Nd6 10. Nd2 Nf5 11. Ndf3 Be6 12. c4 Qb8 13. b3 Qa7 14. g4 Nh4
15. Ng5 Rad8 16. Nxe6 fxe6 17. Be3 c5 18. d5 exd5 19. cxd5 c6 20. b4 Rxd5 21.
Qb3 Kh8 22. Bxc5 Bxc5 23. bxc5 Qxc5 24. Qg3 Rxe5 25. Qxh4 Qd4 26. Red1 Qf4 27.
Rd8 Ree8 28. Rad1 g5 0-1

[Event "24. Copenhagen Open  (Politiken Cup)"]
[Site "Copenhagen"]
[Date "2002.07.25"]
[Round "10"]
[White "Wilsbeck, Jan Borge"]
[Black "Bilfeldt, Anders"]
[Result "1-0"]
[WhiteElo "1825"]
[BlackElo "1287"]
[PlyCount "51"]
[EventDate "2002.07.15"]
[EventType "swiss"]
[EventRounds "11"]
[EventCountry "DEN"]
[SourceDate "2004.01.01"]

1. e4 c5 2. Nf3 d6 3. d4 cxd4 4. Nxd4 g6 5. Be3 Bg7 6. Nc3 Nf6 7. f3 Bd7 8. Qd2
Nc6 9. Bc4 O-O 10. O-O-O Ne5 11. Bb3 a6 12. Bh6 b5 13. h4 Nc4 14. Bxc4 bxc4 15.
h5 Bxh6 16. Qxh6 gxh5 17. Nd5 Re8 18. Nxf6+ exf6 19. Rxh5 Rb8 20. Qxh7+ Kf8 21.
Rh6 Ke7 22. Qg7 Rg8 23. Qxf6+ Ke8 24. Qxd6 c3 25. Nf5 Qg5+ 26. f4 1-0

[Event "24. Copenhagen Open  (Politiken Cup)"]
[Site "Copenhagen"]
[Date "2002.07.26"]
[Round "11"]
[White "Andersen, Esben"]
[Black "Manley, Christian"]
[Result "1-0"]
[WhiteElo "1690"]
[BlackElo "1469"]
[PlyCount "63"]
[EventDate "2002.07.15"]
[EventType "swiss"]
[EventRounds "11"]
[EventCountry "DEN"]
[SourceDate "2004.01.01"]

1. c4 e5 2. Nc3 Nc6 3. g3 Bb4 4. Bg2 f5 5. e3 Nf6 6. Nge2 O-O 7. O-O a6 8. a3
Bxc3 9. bxc3 Nh5 10. f4 exf4 11. Nxf4 Nxf4 12. Rxf4 Ne5 13. d4 Nxc4 14. Bd5+
Kh8 15. Bxc4 d5 16. Bd3 g5 17. Rf2 Be6 18. Bd2 a5 19. Qc2 Qd7 20. Raf1 f4 21.
exf4 Bh3 22. Re1 gxf4 23. Rxf4 Rxf4 24. Bxf4 h5 25. Qe2 Qf7 26. Qe5+ Kg8 27.
Qg5+ Kf8 28. Bg6 Qd7 29. Qxh5 Be6 30. Qh8+ Bg8 31. Bh6+ Qg7 32. Qxg7# 1-0

[Event "24. Copenhagen Open  (Politiken Cup)"]
[Site "Copenhagen"]
[Date "2002.07.26"]
[Round "11"]
[White "Andreasen, Bjarke"]
[Black "Vang, Finnbjorn"]
[Result "1/2-1/2"]
[WhiteElo "1616"]
[BlackElo "1937"]
[PlyCount "21"]
[EventDate "2002.07.15"]
[EventType "swiss"]
[EventRounds "11"]
[EventCountry "DEN"]
[SourceDate "2004.01.01"]

1. d4 e5 2. dxe5 Nc6 3. Nf3 Qe7 4. c3 Nxe5 5. Nxe5 Qxe5 6. Nd2 Bc5 7. Nf3 Qe7
8. Bf4 Nf6 9. g3 d5 10. Bg2 c6 11. O-O 1/2-1/2

[Event "24. Copenhagen Open  (Politiken Cup)"]
[Site "Copenhagen"]
[Date "2002.07.26"]
[Round "11"]
[White "Bilfeldt, Anders"]
[Black "Rasmussen, Bent"]
[Result "1/2-1/2"]
[WhiteElo "1287"]
[BlackElo "1658"]
[PlyCount "142"]
[EventDate "2002.07.15"]
[EventType "swiss"]
[EventRounds "11"]
[EventCountry "DEN"]
[SourceDate "2004.01.01"]

1. d4 d5 2. c4 e6 3. Nc3 Nf6 4. Nf3 Nbd7 5. Bg5 c6 6. e3 Qa5 7. Bxf6 Nxf6 8.
Qc2 Bb4 9. Nd2 O-O 10. a3 Bd7 11. Bd3 dxc4 12. Nxc4 Bxc3+ 13. bxc3 Qc7 14. h3
h6 15. O-O Nd5 16. Ne5 c5 17. Rfc1 Ne7 18. a4 Nc6 19. Nf3 e5 20. d5 Ne7 21. c4
f5 22. e4 f4 23. Be2 g5 24. Nh2 Kg7 25. Qd1 Qd6 26. Rc2 Qg6 27. Bh5 Qxe4 28.
Qe1 Qxe1+ 29. Rxe1 Bxa4 30. Rce2 Ng6 31. Bxg6 Kxg6 32. Rxe5 Rae8 33. Re6+ Rxe6
34. Rxe6+ Kg7 35. Ng4 Bd7 36. Rd6 Bxg4 37. hxg4 Rf7 38. Rd8 Re7 39. Rc8 Kf6 40.
Rxc5 Ke5 41. Rc8 Kd6 42. Rd8+ Kc7 43. Rh8 Re1+ 44. Kh2 Rc1 45. Rh7+ Kc8 46.
Rh8+ Kd7 47. Rh7+ Kd6 48. Rxb7 Rxc4 49. Rxa7 Kxd5 50. Rd7+ Ke4 51. Rd6 Rc2 52.
Rxh6 Rxf2 53. Ra6 f3 54. Ra4+ Kd5 55. Kg3 Rxg2+ 56. Kxf3 Rb2 57. Ra5+ Ke6 58.
Rxg5 Kf6 59. Rf5+ Kg6 60. Ra5 Rb3+ 61. Kf4 Rb4+ 62. Kg3 Rb3+ 63. Kh4 Rb1 64.
Ra6+ Kg7 65. Kh5 Rb5+ 66. g5 Rb7 67. Rg6+ Kh7 68. Rc6 Kg7 69. Rc4 Ra7 70. Re4
Rb7 71. Rg4 Rb5 1/2-1/2

[Event "24. Copenhagen Open  (Politiken Cup)"]
[Site "Copenhagen"]
[Date "2002.07.26"]
[Round "11"]
[White "Bjerke, Silje"]
[Black "Andersen, Ib Hother"]
[Result "1/2-1/2"]
[WhiteElo "2064"]
[BlackElo "2160"]
[PlyCount "80"]
[EventDate "2002.07.15"]
[EventType "swiss"]
[EventRounds "11"]
[EventCountry "DEN"]
[SourceDate "2004.01.01"]

1. d4 Nf6 2. c4 e6 3. Nc3 Bb4 4. Qc2 O-O 5. a3 Bxc3+ 6. Qxc3 b6 7. Bg5 Bb7 8.
f3 h6 9. Bh4 d6 10. e4 c5 11. d5 Nbd7 12. Bg3 exd5 13. cxd5 Re8 14. O-O-O Qc7
15. Bb5 a6 16. Bxd7 Nxd7 17. Ne2 b5 18. Nf4 a5 19. Nh5 f6 20. Bf4 Kf7 21. Ng3
b4 22. Qc2 bxa3 23. bxa3 Ne5 24. Bxe5 fxe5 25. f4 Ba6 26. Rd2 Rab8 27. Rf2 exf4
28. Rxf4+ Kg8 29. Nf5 Bc8 30. Nd4 Bd7 31. Ne2 Rb6 32. Rhf1 Reb8 33. Nc3 Qb7 34.
a4 Rb2 35. Rf8+ Rxf8 36. Rxf8+ Kxf8 37. Qxb2 Qxb2+ 38. Kxb2 Ke7 39. Kc2 Kf6 40.
Kd3 Ke7 1/2-1/2

[Event "24. Copenhagen Open  (Politiken Cup)"]
[Site "Copenhagen"]
[Date "2002.07.26"]
[Round "11"]
[White "Bogdanov, Dimitri"]
[Black "Norton, Craig"]
[Result "1/2-1/2"]
[WhiteElo "2096"]
[BlackElo "1832"]
[PlyCount "144"]
[EventDate "2002.07.15"]
[EventType "swiss"]
[EventRounds "11"]
[EventCountry "DEN"]
[SourceDate "2004.01.01"]

1. e4 c5 2. Nc3 Nc6 3. f4 g6 4. Nf3 Bg7 5. Bb5 Nd4 6. O-O Nxb5 7. Nxb5 a6 8.
Nc3 d6 9. d3 b5 10. Qe1 e6 11. f5 b4 12. Ne2 e5 13. fxg6 hxg6 14. a3 bxa3 15.
Rxa3 Bh6 16. Bxh6 Nxh6 17. h3 Ra7 18. Qg3 Qe7 19. Nc3 Be6 20. Rfa1 Qb7 21. Ng5
Bc8 22. b3 f6 23. Nf3 g5 24. Nd5 Qg7 25. Nh2 Rf7 26. Nb6 Bb7 27. Nc4 Rd7 28.
Ne3 Rf7 29. Nhg4 f5 30. Nxh6 Qxh6 31. Nxf5 Rxf5 32. exf5 g4 33. hxg4 Qg5 34.
Ra4 Rh4 35. Re1 Bc6 36. Rc4 Bd5 37. Qf4 Rh1+ 38. Kxh1 Qh4+ 39. Kg1 Qxe1+ 40.
Qf1 Qe3+ 41. Qf2 Qc1+ 42. Kh2 Bxc4 43. dxc4 Qg5 44. Kh3 Kf7 45. Qf3 Kf6 46. Kg3
Qd2 47. Qe4 a5 48. Kf3 Qd1+ 49. Qe2 Qc1 50. Ke4 Qf4+ 51. Kd5 Qd4+ 52. Kc6 e4
53. Qe1 Kg5 54. f6 Kxf6 55. Qh4+ Kg6 56. Qh5+ Kg7 57. g5 e3 58. Qh6+ Kg8 59. g6
Qe4+ 60. Kxd6 Qd4+ 61. Kc6 Qe4+ 62. Kb6 Qe6+ 63. Kxa5 Qe7 64. c3 Qa7+ 65. Kb5
Qb8+ 66. Kc6 Qa8+ 67. Kd7 Qb7+ 68. Ke6 Qc8+ 69. Kd5 Qd8+ 70. Ke4 Qe7+ 71. Kd3
Qd6+ 72. Kxe3 Qd2+ 1/2-1/2

[Event "24. Copenhagen Open  (Politiken Cup)"]
[Site "Copenhagen"]
[Date "2002.07.26"]
[Round "11"]
[White "Bogdanov, Max"]
[Black "Pedersen, Kaj Vinding"]
[Result "0-1"]
[WhiteElo "1302"]
[BlackElo "1529"]
[PlyCount "50"]
[EventDate "2002.07.15"]
[EventType "swiss"]
[EventRounds "11"]
[EventCountry "DEN"]
[SourceDate "2004.01.01"]

1. d4 Nf6 2. c4 e5 3. e3 exd4 4. exd4 Bb4+ 5. Bd2 Qe7+ 6. Be2 O-O 7. Bxb4 Qxb4+
8. Qd2 Nc6 9. Nc3 Re8 10. O-O-O Qe7 11. f3 Qe3 12. g4 h6 13. f4 d6 14. g5 hxg5
15. fxg5 Ng4 16. Bxg4 Bxg4 17. Nd5 Qxd2+ 18. Rxd2 Re1+ 19. Kc2 Bf5+ 20. Kc3
Rc1+ 21. Kb3 Na5+ 22. Ka4 Nxc4 23. Re2 Nb6+ 24. Nxb6 axb6+ 25. Kb3 Be6+ 0-1

[Event "24. Copenhagen Open  (Politiken Cup)"]
[Site "Copenhagen"]
[Date "2002.07.26"]
[Round "11"]
[White "Brinck Claussen, Bjorn"]
[Black "Hovmoller, Kristian"]
[Result "0-1"]
[WhiteElo "2369"]
[BlackElo "2248"]
[PlyCount "84"]
[EventDate "2002.07.15"]
[EventType "swiss"]
[EventRounds "11"]
[EventCountry "DEN"]
[SourceDate "2004.01.01"]

1. e4 c5 2. Nf3 d6 3. d4 cxd4 4. Nxd4 Nf6 5. Nc3 a6 6. Bg5 e6 7. f4 Be7 8. Qf3
Qc7 9. O-O-O Nbd7 10. g4 b5 11. Bxf6 Nxf6 12. g5 Nd7 13. f5 Bxg5+ 14. Kb1 Ne5
15. Qh5 Qd8 16. fxe6 g6 17. Qe2 fxe6 18. h4 Bf6 19. Qe3 O-O 20. Bh3 Qe7 21. h5
g5 22. h6 Bd7 23. Nce2 Kh8 24. Ng3 g4 25. Bg2 Bg5 26. Qe2 Rf6 27. Nh5 Rxh6 28.
Nb3 Rf8 29. Nc1 Be8 30. Ng3 Rxh1 31. Rxh1 Bf4 32. Qe1 Qa7 33. Nge2 Bg5 34. Qd1
Nc4 35. Nb3 Rf2 36. Ned4 Ne3 37. Qd3 Nxg2 38. Nxe6 Bf6 39. Qxd6 Qf7 40. Nc7 Kg8
41. a3 Qe7 42. Qg3 Qe5 0-1

[Event "24. Copenhagen Open  (Politiken Cup)"]
[Site "Copenhagen"]
[Date "2002.07.26"]
[Round "11"]
[White "Bromann, Thorbjorn"]
[Black "Arngrimsson, Dagur"]
[Result "1-0"]
[WhiteElo "2378"]
[BlackElo "2149"]
[PlyCount "49"]
[EventDate "2002.07.15"]
[EventType "swiss"]
[EventRounds "11"]
[EventCountry "DEN"]
[SourceDate "2004.01.01"]

1. e4 c5 2. Nf3 d6 3. d4 cxd4 4. Qxd4 Nc6 5. Bb5 Bd7 6. Bxc6 Bxc6 7. Nc3 Nf6 8.
Bg5 g6 9. Bxf6 exf6 10. O-O-O Bh6+ 11. Kb1 Bf4 12. g3 Be5 13. Nxe5 dxe5 14. Qc5
Qe7 15. Rd6 Rb8 16. Rhd1 a6 17. a3 h6 18. f3 f5 19. exf5 gxf5 20. Nd5 Bxd5 21.
R1xd5 f6 22. Qc4 Rh7 23. Qa4+ b5 24. Qxa6 Kf8 25. Re6 1-0

[Event "24. Copenhagen Open  (Politiken Cup)"]
[Site "Copenhagen"]
[Date "2002.07.26"]
[Round "11"]
[White "Brondum, Eric"]
[Black "Nielsen, Michael"]
[Result "1/2-1/2"]
[WhiteElo "2219"]
[BlackElo "2086"]
[PlyCount "67"]
[EventDate "2002.07.15"]
[EventType "swiss"]
[EventRounds "11"]
[EventCountry "DEN"]
[SourceDate "2004.01.01"]

1. Nf3 Nf6 2. d4 g6 3. g3 Bg7 4. Bg2 O-O 5. O-O d6 6. c4 c5 7. Nc3 a6 8. e4
cxd4 9. Nxd4 Qc7 10. b3 Nc6 11. Bb2 Bg4 12. Qd2 Rac8 13. h3 Bd7 14. Nc2 Be6 15.
Ne3 Qa5 16. Rfd1 Qh5 17. g4 Qh4 18. f4 h5 19. g5 Ne8 20. Qf2 Qxf2+ 21. Kxf2 b5
22. Bf1 f6 23. gxf6 Nxf6 24. cxb5 axb5 25. Kg1 b4 26. Ncd5 Nxe4 27. Bxg7 Kxg7
28. Rac1 Bxd5 29. Nxd5 e6 30. Nb6 d5 31. Nxc8 Rxc8 32. Ba6 Rc7 33. Re1 Nc3 34.
a3 1/2-1/2

[Event "24. Copenhagen Open  (Politiken Cup)"]
[Site "Copenhagen"]
[Date "2002.07.26"]
[Round "11"]
[White "Christensen, Christian"]
[Black "Hansen, Morten Lyck"]
[Result "1-0"]
[WhiteElo "2131"]
[BlackElo "1854"]
[PlyCount "71"]
[EventDate "2002.07.15"]
[EventType "swiss"]
[EventRounds "11"]
[EventCountry "DEN"]
[SourceDate "2004.01.01"]

1. e4 c6 2. d4 d5 3. exd5 cxd5 4. c4 Nf6 5. Nc3 e6 6. Nf3 Be7 7. cxd5 Nxd5 8.
Bd3 O-O 9. O-O Nc6 10. Re1 Bf6 11. Be4 Nce7 12. Qd3 Ng6 13. Bd2 b6 14. h4 Nxh4
15. Bxh7+ Kh8 16. Nxh4 Bxh4 17. Be4 g6 18. Bh6 Re8 19. Qf3 f5 20. Nxd5 fxe4 21.
Qxe4 Kh7 22. Nf4 Qf6 23. Qxa8 Kxh6 24. Qe4 Rf8 25. g3 Bg5 26. Nd3 Qf7 27. Re2
Bb7 28. Ne5 Qh7 29. Ng4+ Kh5 30. Qxe6 Bf3 31. Nf6+ Bxf6 32. Qh3+ Kg5 33. Qxh7
Bxe2 34. Qh4+ Kf5 35. Qf4+ Ke6 36. Re1 1-0

[Event "24. Copenhagen Open  (Politiken Cup)"]
[Site "Copenhagen"]
[Date "2002.07.26"]
[Round "11"]
[White "Christensen, Christoffer"]
[Black "Hoeg, Claus"]
[Result "0-1"]
[WhiteElo "1464"]
[BlackElo "2010"]
[PlyCount "64"]
[EventDate "2002.07.15"]
[EventType "swiss"]
[EventRounds "11"]
[EventCountry "DEN"]
[SourceDate "2004.01.01"]

1. e4 c5 2. Nf3 d6 3. d4 cxd4 4. Nxd4 Nf6 5. Nc3 g6 6. Bc4 Qc7 7. Bb3 Bg7 8. f3
Nc6 9. Be3 Ne5 10. Qe2 a6 11. a4 O-O 12. g4 e6 13. g5 Nh5 14. O-O-O b5 15. axb5
axb5 16. Ndxb5 Ra1+ 17. Kd2 Rxd1+ 18. Rxd1 Qa5 19. Ke1 Ba6 20. f4 Nc6 21. Bc4
d5 22. exd5 exd5 23. Rxd5 Nb4 24. Rd2 Re8 25. Bxf7+ Kxf7 26. Rd7+ Kg8 27. Qc4+
Kh8 28. Kf2 Nxc2 29. Qb3 Nxe3 30. Nd6 Bc4 31. Nxc4 Qc5 32. Na4 Nd1+ 0-1

[Event "24. Copenhagen Open  (Politiken Cup)"]
[Site "Copenhagen"]
[Date "2002.07.26"]
[Round "11"]
[White "Christensen, Janus"]
[Black "Lauritsen, Martin Lee"]
[Result "0-1"]
[WhiteElo "1961"]
[BlackElo "1517"]
[PlyCount "78"]
[EventDate "2002.07.15"]
[EventType "swiss"]
[EventRounds "11"]
[EventCountry "DEN"]
[SourceDate "2004.01.01"]

1. d4 Nf6 2. Bg5 Ne4 3. Bh4 g5 4. f3 gxh4 5. fxe4 Bg7 6. Nf3 c5 7. c3 cxd4 8.
cxd4 Nc6 9. Qd2 Qb6 10. e3 Bh6 11. Nc3 e6 12. e5 Nb4 13. Nxh4 Bxe3 14. Qe2 Qxd4
15. Nf3 Qc5 16. a3 Nc6 17. Na4 Qa5+ 18. b4 Nxb4 19. axb4 Qxb4+ 20. Kd1 Bd4 21.
Qa2 Bxa1 22. Qxa1 b5 23. Nb6 Qb3+ 24. Ke2 Qc2+ 25. Nd2 Rb8 26. Qxa7 Rb7 27. Qa5
Qc7 28. Ne4 Rxb6 29. Nd6+ Ke7 30. Qb4 Rxd6 31. Qh4+ Ke8 32. exd6 Qxd6 33. Qf6
Rg8 34. Ke1 Bb7 35. Qb2 Rg5 36. Qh8+ Ke7 37. Qxh7 Re5+ 38. Be2 Qb4+ 39. Kf2
Qd4+ 0-1

[Event "24. Copenhagen Open  (Politiken Cup)"]
[Site "Copenhagen"]
[Date "2002.07.26"]
[Round "11"]
[White "Cohen, Ronnie"]
[Black "Baldursson, Rani"]
[Result "1-0"]
[WhiteElo "1800"]
[BlackElo "1426"]
[PlyCount "47"]
[EventDate "2002.07.15"]
[EventType "swiss"]
[EventRounds "11"]
[EventCountry "DEN"]
[SourceDate "2004.01.01"]

1. e4 c5 2. Nc3 d6 3. Nf3 Nf6 4. d4 cxd4 5. Nxd4 g6 6. Be2 Bg7 7. O-O O-O 8.
Be3 Nc6 9. Qd2 Re8 10. Rad1 Bd7 11. f3 a6 12. Nb3 Na5 13. Nc1 Rc8 14. Kh1 Qc7
15. Bh6 Bh8 16. Bd3 Nc4 17. Bxc4 Qxc4 18. N1e2 b5 19. b3 Qc6 20. Rc1 Be6 21.
Rfd1 Nd7 22. Nd5 Bb2 23. Rb1 Qxc2 24. Rxb2 1-0

[Event "24. Copenhagen Open  (Politiken Cup)"]
[Site "Copenhagen"]
[Date "2002.07.26"]
[Round "11"]
[White "Dalsberg, Sandra de Blecourt"]
[Black "Moen, Andreas"]
[Result "0-1"]
[WhiteElo "2082"]
[BlackElo "2278"]
[PlyCount "50"]
[EventDate "2002.07.15"]
[EventType "swiss"]
[EventRounds "11"]
[EventCountry "DEN"]
[SourceDate "2004.01.01"]

1. d4 d5 2. c4 dxc4 3. Nf3 Nf6 4. e3 e6 5. Bxc4 c5 6. O-O a6 7. a4 Nc6 8. Nc3
Be7 9. Qe2 O-O 10. Rd1 Qc7 11. b3 cxd4 12. exd4 Na5 13. Bg5 Nxb3 14. Bxb3 Qxc3
15. Bc4 b6 16. Ne5 Bb7 17. Nxf7 Rxf7 18. Qxe6 Raf8 19. Rac1 Qb4 20. Re1 Bd5 21.
Bxd5 Nxd5 22. Qxd5 Bxg5 23. Rcd1 Bh6 24. f4 Bxf4 25. Rf1 Qd6 0-1